| 000 | 00697nam a22002417a 4500 | ||
|---|---|---|---|
| 005 | 20170124110227.0 | ||
| 010 | _aA-890809 | ||
| 020 | _c110.00 | ||
| 035 | _aA-890809 | ||
| 037 | _bCen Lib/Ret | ||
| 040 |
_aDPL _bEN |
||
| 082 |
_a001.6424 _bKEN |
||
| 100 |
_aKennedy, Joyce Lain _940870 |
||
| 245 |
_aCover letters for dummies / _cby Joyce Lain Kennedy |
||
| 260 |
_aNew Delhi _bComdex computer publishing _c1996 |
||
| 270 |
_bNew Delhi _e110002 |
||
| 300 |
_axvi,338p.: _c23cm(Hb) _bill. |
||
| 500 | _aIncludes appendix | ||
| 650 |
_aJob hunting _940871 |
||
| 650 |
_aApplications for positions _940872 |
||
| 700 |
_a _923366 |
||
| 942 |
_2ddc _cEN _h001.6424 _mKEN |
||
| 999 |
_c134490 _d134490 |
||